| 000 | 00649nam a22001937a 4500 | ||
|---|---|---|---|
| 005 | 20100723121952.0 | ||
| 010 | _aENG-96619 | ||
| 020 |
_a9789380032436 _c499.00 |
||
| 035 | _aEN-80152 | ||
| 037 | _bDBAD/PUB | ||
| 082 | _aN | ||
| 100 | _aViswanathan, Padma | ||
| 245 |
_aThe toss of a lemon / _cby Padma Viswanathan |
||
| 260 |
_aChennai _bTranquebar Press _c2008 |
||
| 270 |
_a571, Pooamallee High Road, Kamaraj Bhavan, Aminijikarai, _bChennai _e600029 |
||
| 300 |
_a619p. _c23cm, (pbk) |
||
| 942 |
_2ddc _cEN _mVIS _hN |
||
| 999 |
_c37361 _d37361 |
||